000 00506nam a22001817a 4500
999 _c16576
_d16576
003 OSt
005 20171011085710.0
008 171011b xxu||||| |||| 00| 0 eng d
020 _a081447389X
040 _aKABU
_cKABU
050 _aTS192
_b.G76 2002
100 _aGross, John M.
245 _aFundamentals of preventive maintenance /
_cJohn M. Gross
260 _aNew York
_bAMACOM
_c2002
300 _axiii, 223 p.
650 _aPlant maintenance
942 _2lcc
_cBK
_hTS192
_i.G76 2002